00734nam a22001937a 450000500170000000800410001702000180005805000250007610000150010124000340011624501670015025000110031726000380032830000370036650400370040365000360044070000310047670000330050720190404112226.0190404b mx ||||| |||| 00| 0 spa d a978970107248604aTK7881.15 bM64 20091 aMohan, Ned1 aPower electronics.lEspañol10aElectrónica de potencia b: convertidores, aplicaciones y diseño c/ Ned Mohan, Tore M. Undeland, William P. Robbins ; rev. tec. Luis Mauro Ortega González. a1a ed. aMéxico : bMcGraw Hill, cc2009 axviii, 701 p. : bil. ; c27 cm. aIncluye bibliografias e índice 72lembaElectrónica de potencia1 aUndeland, Tore M., eautor1 aRobbins, William P., eautor